Detalles MARC
| 000 -LIDER |
| fixed length control field |
01290nam a22003737a 4500 |
| 001 - NÚMERO DE CONTROL |
| Identificador de número de control |
000544 |
| 003 - IDENTIFICACDOR DE NÚMERO DE CONTROL |
| control field |
DO-SdBNP |
| 005 - DATE AND TIME OF LATEST TRANSACTION |
| control field |
20171110092701.0 |
| 007 - CAMPOS FIJOS DE DESCRIPCIÓN FÍSICA |
| fixed length control field |
000544 |
| 008 - ELEMENTOS DE LONGITUD FIJA |
| fixed length control field |
161012b 2002 sp a ||||| |||| 00| 0 spa d |
| 020 ## - ISBN |
| International Standard Book Number |
8471837295 (colección) |
| 020 ## - ISBN |
| International Standard Book Number |
8471837293 (V. 1) |
| 020 ## - ISBN |
| International Standard Book Number |
8471837307 (V. 2) |
| 020 ## - ISBN |
| International Standard Book Number |
8471837315 (V. 3) |
| 040 ## - FUENTE DE CATALOGACIÓN |
| Agencia que crea de manera original el registro |
BPMSU |
| Idioma de catalogación |
spa |
| Agencia que realiza la transcripción |
BPMSU |
| 041 17 - CÓDIGOS DE OBRAS TRADUCIDAS O EN VARIOS IDIOMAS |
| Código del idioma del texto/archivo de sonido o separata |
spa |
| Cód. del idioma original y/o traducciones intermedias del texto |
|
| 082 #4 - NÚMERO DE CLASIFICACIÓN DECIMAL DE DEWEY |
| Classification number |
637.4 |
| Item number |
F246h |
| 100 1# - ASIENTO PRINCIPAL -- NOMBRE PERSONAL |
| Nombre personal |
Farrow, Joanna |
| 240 10 - TITULO UNIFORME |
| Título uniforme |
Ice cream and iced desserts. |
| Idioma de una obra |
Español. |
| 245 13 - MENCIÓN DE TITULO |
| Título |
La gran enciclopedia de los helados y postres helados / |
| Mención de responsabilidad |
Joanna Farrow, Sara Lewis ; fotografías Gus Filgate ; traducción Anna Ma. Gil. |
| 260 0# - PUBLICACIÓN, DISTRIBUCIÓN, ETC. (PIE DE IMPRENTA) |
| Lugar de publicación, distribución, etc |
Barcelona : |
| Nombre del editor, distribuidor, etc. |
Hymsa, |
| Fecha de publicación, distribución, etc |
2002. |
| 300 ## - DESCRIPCIÓN FÍSICA |
| Extensión |
3 v. : |
| Otros detalles físicos |
il. ; |
| Dimensiones |
30 cm. |
| 500 ## - NOTA GENERAL |
| Nota general |
Traducción de: Ice cream and iced desserts |
| 505 ## - NOTA DE CONTENIDO |
| Información miscelánea |
v. 1- |
| Título |
Cómo hacer helados -- |
| Información miscelánea |
v. 2 - |
| Título |
Bombas y terrinas -- |
| Información miscelánea |
v. 3 - |
| Título |
Sorbetes y granizados. |
| 650 #4 - ENCABEZAMIENTO DE MATERIA--TEMÁTICO |
| Término temático o nombre geográfico como elemento de entrada |
HELADOS, SORBETES, ETC. |
| 650 #4 - ENCABEZAMIENTO DE MATERIA--TEMÁTICO |
| Término temático o nombre geográfico como elemento de entrada |
INDUSTRIA DE POSTRES HELADOS |
| 700 12 - ASIENTO SECUNDARIO -- NOMBRE PERSONAL |
| Nombre personal |
Lewis, Sara |
| 700 12 - ASIENTO SECUNDARIO -- NOMBRE PERSONAL |
| Nombre personal |
Filgate, Gus, |
| Mención de responsabilidad |
fot. |
| 700 12 - ASIENTO SECUNDARIO -- NOMBRE PERSONAL |
| Nombre personal |
Gil, Ana María |
| Mención de responsabilidad |
tr. |
| 910 ## - VALIDACIÓN |
| Validación |
Validado. Control de calidad MFF |
| 942 ## - ADDED ENTRY ELEMENTS (KOHA) |
| Source of classification or shelving scheme |
Dewey Decimal Classification |
| Koha item type |
Libros |
| 945 ## - INFORMACIÓN DE PROCESAMIENTO LOCAL |
| Información de procesamiento local |
Invetariado extranjero / 2017 VM |
| 956 ## - LOCAL ELECTRONIC LOCATION AND ACCESS (OCLC) |
| Método de acceso |
LOPEREZ |
| Materiales especificados |
10 |
| Enlace |
20161112 |
| Campo enlazado y núm. de secuencia |
BPMSU |
| Nombre de host |
00041 |